000 00935nas a2200301 4500
001 BR0400500
003 BR-BrBNA
005 20231205104254.0
007 ta
008 230509b bl.|||p| |||| 00| 00por d
040 _aBR-BrBNA
_bpor
_cBiblioteca Nacional de Agricultura
041 _a(Pt)
072 _aP34
100 1 _aFernandes, M.F.
100 1 _aFernandes, R.P.M.
100 1 _aHungria, M.
245 1 _aCaracterização genética de rizóbios nativos dos tabuleiros costeiros eficientes em culturas do guandu e caupi
650 _aRHIZOBIUM
650 _aIDENTIFICAÇÃO DE ESTIRPE
650 _aFEIJÃO DE CORDA
650 _aGUANDU
650 _aMOLECULA
650 _aFIXAÇÃO DE NITROGÊNIO
650 _aSERGIPE
773 0 _tPesquisa Agropecuária Brasileira (Brazil)
_xISSN 0100-204X
_g(Aug 2003), v. 38(8) p. 911-920
_wBR0400500
909 _a202311
_bLúcia
_c55
_dLúcia Elande
942 _2AGRIS
_n0
_cANA
999 _c177291
_d177291